000 00882nam a2200265 a 4500
001 62136
003 BD-RjUL
005 20211209081040.0
008 170123s2007 njua b 001 0 eng d
020 _a9780471723493 (cloth : alk. paper)
035 _a(BD-RjUL)62261
040 _aBD-RjUL
_cBD-RjUL
_dBD-RjUL
_beng
041 _aeng
082 0 0 _a747.852
_223
_bPID 2007
100 1 _aPiotrowski, Christine M.,
_d1947-
_9184857
245 1 0 _aDesigning commercial interiors /
_cChristine M.Piotrowski, Elizabeth A. Rogers.
250 _a2nd ed.
260 _aHoboken, N.J. :
_bWiley,
_cc2007.
300 _axiv, 448 p. :
_bill. ;
_c29 cm.
504 _aIncludes bibliographical references and index.
650 0 _aCommercial buildings
_xDecoration
_zUnited States.
_9184858
700 1 _aRogers, Elizabeth A.,
_d1939-
_9184859
942 _2ddc
_cBK
999 _c62136
_d62136